000 00625nam a2200193Ia 4500
005 20250218154911.0
010 _aENG-1438322
020 _a9789361592591
_c581.00
035 _aEN-127364
037 _bDBAD/PUB
082 _a657.48
_206
100 _dHanif, Mohammed
_977887
245 _aFinancial Accounting-II/
_hEnglish
_cBy M Hanif and A Mukherjee
250 _a06
260 _a Chennai
_bMcGraw Hill Education(India) Private Limited
_c2024
270 _aAnjana Complex No;5/90 A Butt Road St. Thomas Mount
_bChennai
_e600016
300 _a620pb
_c24cm(pbk)
942 _cEN
_2ddc
_mHAN
_h657.48
_e06
999 _c209268
_d209268